000 00464nam a2200181Ia 4500
001 73799
008 160804s9999||||xx |||||||||||||| ||und||
020 _a9781498516488
040 _cPK-LaUMT
082 _a 363.325065491
_bKHU-M
100 _aKhuram Iqbal
245 4 _aThe making of Pakistani human bombs/
_cKhuram Iqbal
260 _aLanham:
_bLexington Books,
_c2015
300 _a213 p
546 _aEN
650 _aSuicide bombing-Pakistan
942 _cBK
999 _c86943
_d86943